000
00308nam a2200133Ia 4500
008
230917s9999||||xx |||||||||||||| ||und||
040
_e
93254
_a
MAIN
041
_a
English
082
_a
610 B469C
100
_a
Bhutani, Manisha
245
0
_a
Cordiac status in typhoid fever
300
_a
90 p.
942
_c
TH
999
_c
86335
_d
86335